000 00494nam a2200181Ia 4500
008 090123s9999 xx 000 0 und d
082 _b34291
100 _aबनहट्टी अनिरुध्द
245 _aजादू
250 _a0
260 _bसंयम
300 _a160
600 _aबनहट्टी अनिरुध्द
630 _aजादू
700 _aबनहट्टी अनिरुध्द
730 _aजादू
942 _cBOOK
999 _c72332
_d72332